IEEE 802 wireless systems: protocols, multi-hop mash/relaying, performance and spectrum coexistence (Record no. 10127)

000 -LEADER
fixed length control field 00586 a2200169 4500
020 ## - INTERNATIONAL STANDARD BOOK NUMBER
International Standard Book Number 0470014393
040 ## - CATALOGING SOURCE
Original cataloging agency DLC
Language of cataloging DLC
100 1# - MAIN ENTRY--PERSONAL NAME
Personal name Walke, Bernard H.
245 10 - TITLE STATEMENT
Title IEEE 802 wireless systems: protocols, multi-hop mash/relaying, performance and spectrum coexistence
Statement of responsibility, etc. Bernard H. Walke, Stefan Mangold, Lars Berlemann
260 ## - PUBLICATION, DISTRIBUTION, ETC.
Place of publication, distribution, etc. West Sussex, England. :
Name of publisher, distributor, etc. John Wiley,
Date of publication, distribution, etc. c2006.
300 ## - PHYSICAL DESCRIPTION
Extent xix, 382 p. :
Other physical details ill. ;
Dimensions 23 cm.
650 #0 - SUBJECT ADDED ENTRY--TOPICAL TERM
Topical term or geographic name entry element Wireless LANs.
650 #0 - SUBJECT ADDED ENTRY--TOPICAL TERM
Topical term or geographic name entry element IEEE 802.11 (Standard)
700 1# - ADDED ENTRY--PERSONAL NAME
Personal name Mangold, Stefan.
700 1# - ADDED ENTRY--PERSONAL NAME
Personal name Berlemann, Lars.
942 ## - ADDED ENTRY ELEMENTS (KOHA)
Koha item type Book
Call number prefix 621.3845 WAL
Source of classification or shelving scheme
Holdings
Withdrawn status Lost status Damaged status Not for loan Collection code Permanent Location Current Location Shelving location Date acquired Source of acquisition Cost, normal purchase price Total Checkouts Full call number Barcode Date last seen Date last checked out Price effective from Koha item type
          Central Library (CL) Central Library (CL) General Stacks 02/13/2007 A & J Def Tek Concultants 7834.32 1 621.3845 WAL SEECS008122 02/02/2014 01/20/2014 01/05/2017 Book
© 2023 Central Library, National University of Sciences and Technology. All Rights Reserved.